00000000nas##2200000za#4500
0019.508682
003CaOODSP
00520200731151138
007ta
008150406c1997||||xxc|| p #||||f|   |0eng|d
022 |a0705-2855
040 |aCaOODSP|beng
041 |aeng
041 |afre
043 |an-cn---
0861 |aSA3-1
1102 |aNational Archives of Canada.
24514|aThe archivist
260 |aOttawa - Ontario : |bNational Archives of Canada
310 |aIrregular
3621 |aJuly-August 1997--No. 121, 2003
500 |aIssued by Public Archives Canada, Vol. 1, 1974--May-June 1987.
563 |aSoftcover
69007|aArchives|2gcpds
69007|aCanadian history|2gcpds
7760#|tL'archiviste |w(CaOODSP)9.500726
792 |tL'archiviste |efre|w(CaOODSP)9.508683